000 00507nam a2200169Ia 4500
008 140925s9999 xx 000 0 und d
245 _aJournal of hospitality management and tourism /
_h[electronic resource]
260 _bAcademic Journals,
_cc2014.
516 _aElectronic text
650 _aHospitality.
650 _aJournal.
650 _aTourism.
830 _aAcademic Journals
856 _uhttp://www.academicjournals.org/journal/JHMT/edition/September
942 _cEJ
999 _c275750
_d275750